The chupacabras of the Rio Grande #4 / by Adam ... Read More
Available copies
- 1 of 1 copy available at LARL/NWRL Consortium. (Show)
- 1 of 1 copy available at Northwest Regional Library.
Current holds
0 current holds with 1 total copy.
Show All Copies
| Location | Call Number / Copy Notes | Barcode | Shelving Location | Status | Due Date |
|---|---|---|---|---|---|
| Barb Geer Memorial LINK Site | j GID (Text) | 35500006172215 | Main | Available | - |
Record details
- ISBN: 9780735231795
- ISBN: 0735231796
- Physical Description: 196 pages : illustrations, color map ; 22 cm.
- Publisher: New York : Dutton Children's Books, [2019]
Content descriptions
| General Note: | "Created by Jesse Casey, Adam Gidwitz, and Chris Lenox Smith." Map on front lining pages. |
| Summary, etc.: | "A new adventure begins for Elliot and Uchenna ... Read More |
Search for related items by subject
Search for related items by series
| LDR | 02224cam a22004578i 4500 | ||
|---|---|---|---|
| 001 | 319797 | ||
| 003 | LARL_NWRL_CONSORTIUM | ||
| 005 | 20190523192328.0 | ||
| 008 | 190214t20192019nyua c 000 1 eng | ||
| 010 | . | ‡a2019004161 | |
| 020 | . | ‡a9780735231795 ‡q(hardback) | |
| 020 | . | ‡a0735231796 ‡q(hardback) | |
| 035 | . | ‡a(OCoLC)1086544977 | |
| 040 | . | ‡aDLC ‡beng ‡erda ‡cDLC ‡dOCLCO ‡dIUO ‡dJQW ‡dJTH ‡dGZD | |
| 042 | . | ‡apcc ‡alcac | |
| 082 | 0 | 0. | ‡a[Fic] ‡223 |
| 099 | . | ‡aINT | |
| 100 | 1 | . | ‡aGidwitz, Adam, ‡eauthor, ‡ecreator. ‡0(LARL_NWRL_CONSORTIUM)221107 |
| 245 | 1 | 4. | ‡aThe chupacabras of the Rio Grande ‡n#4 / ‡cby Adam Gidwitz & David Bowles ; illustrated by Hatem Aly. |
| 264 | 1. | ‡aNew York : ‡bDutton Children's Books, ‡c[2019] | |
| 300 | . | ‡a196 pages : ‡billustrations, color map ; ‡c22 cm. | |
| 336 | . | ‡atext ‡btxt ‡2rdacontent | |
| 337 | . | ‡aunmediated ‡bn ‡2rdamedia | |
| 338 | . | ‡avolume ‡bnc ‡2rdacarrier | |
| 490 | 0 | . | ‡aUnicorn Rescue Society ; ‡v4 |
| 500 | . | ‡a"Created by Jesse Casey, Adam Gidwitz, and Chris Lenox Smith." | |
| 500 | . | ‡aMap on front lining pages. | |
| 520 | . | ‡a"A new adventure begins for Elliot and Uchenna when Professor Fauna bursts into their classroom with a frightening report from the Texas-Mexico border: something has completely drained the blood from a cow's body! The team must fly to Laredo, where tempers are running high. Teaming up with local kids Lupita and Mateo--plus their brilliant mother, Dr. Alejandra Cervantes, and her curandero husband, Israel--can the Unicorn Rescue Society save the region's animals and help bring a divided community together once more? And what is that spiny, bloodsucking, adorable little creature?"--Page [4] of cover. | |
| 650 | 0. | ‡aAnimals, Mythical ‡vJuvenile fiction. ‡0(LARL_NWRL_CONSORTIUM)170656 | |
| 650 | 0. | ‡aAnimal rescue ‡vJuvenile fiction. | |
| 650 | 0. | ‡aChupacabras ‡vJuvenile fiction. | |
| 650 | 0. | ‡aFriendship ‡vJuvenile fiction. ‡0(LARL_NWRL_CONSORTIUM)164914 | |
| 650 | 0. | ‡aRace relations ‡vJuvenile fiction. | |
| 651 | 0. | ‡aMexican-American Border Region ‡vJuvenile fiction. | |
| 700 | 1 | . | ‡aBowles, David ‡q(David O.), ‡eauthor. |
| 700 | 1 | . | ‡aAly, Hatem, ‡eillustrator. |
| 700 | 1 | . | ‡aCasey, Jesse, ‡ecreator. |
| 700 | 1 | . | ‡aSmith, Chris Lenox, ‡ecreator. |
| 901 | . | ‡a319797 ‡b ‡c319797 ‡tbiblio | |

Add to basket
Permalink
Disable Highlighting